| 000 | 00775nam a22002057a 4500 | ||
|---|---|---|---|
| 005 | 20180310115737.0 | ||
| 010 | _aB-663987 | ||
| 020 |
_a9788126042470 _c100.00 |
||
| 035 | _aB-663987 | ||
| 037 |
_adpl _bPBD |
||
| 082 | _a891.454271 | ||
| 100 | _aJha, Ramdeo | ||
| 245 |
_aThe melting stone : _cby Ramdeo Jha ; translated by Rajanand Jha _b& other plays / |
||
| 260 |
_aNew Delhi _bSahitya Akademi _c2014 |
||
| 270 |
_aSwati, Mandir Marg, _bNew Delhi _e110001 |
||
| 300 |
_aix,152p.. _c23cm(pbk) |
||
| 700 | _aJha, Rajanand | ||
| 942 |
_2ddc _cEN _mJHA _h891.454271 |
||
| 999 |
_c150319 _d150319 |
||